LEADER 01313nam 2200361 a 450 001 9910694665403321 005 20051128165038.0 035 $a(CKB)5470000002364045 035 $a(OCoLC)62355351 035 $a(EXLCZ)995470000002364045 100 $a20051128d2005 ua 0 101 0 $aeng 135 $aurmn|---||||| 181 $ctxt$2rdacontent 182 $cc$2rdamedia 183 $acr$2rdacarrier 200 10$aFinancial management$b[electronic resource] $eachieving FFMIA compliance continues to challenge agencies : report to congressional committees 210 1$a[Washington, D.C.] :$cU.S. Government Accountability Office,$d[2005] 215 $aiii, 50 pages $cdigital, PDF file 300 $aTitle from title screen (viewed on Nov. 22, 2005). 300 $a"September 2005." 300 $aPaper version available from: U.S. Government Accountability Office, 441 G St., NW, Rm. LM, Washington, D.C. 20548. 300 $a"GAO-05-881." 320 $aIncludes bibliographical references. 517 $aFinancial management 606 $aAdministrative agencies$zUnited States$xAuditing 615 0$aAdministrative agencies$xAuditing. 801 0$bGPO 801 1$bGPO 906 $aBOOK 912 $a9910694665403321 996 $aFinancial Management$9424135 997 $aUNINA